000 00371nam a2200121Ia 4500
008 170224s9999 xx 000 0 und d
245 _aWhat we want is what we get: Group-based emotional preferences and conflict resolution.
260 _bJournal of Personality and Social Psychology
260 _c2016
300 _a110:2
500 _aFebruary
650 _xPsychology.
999 _c316838
_d316838